| 000 | 00847nam a2200265 i 4500 | ||
|---|---|---|---|
| 003 | DO-SdBNP | ||
| 005 | 20241015092117.0 | ||
| 007 | ta | ||
| 008 | 241015b1993 dr ac||| |||| 00| 0 spa d | ||
| 040 |
_aDO-SdBNP _bspa _cBNPHU _erda |
||
| 082 | 4 | _222 | |
| 100 | 1 |
_aLockward, Angel, _eautor _4aut. _911034 |
|
| 245 | 1 | 0 |
_aHaití : _bcronología de una crisis / _cÁngel Lockward |
| 264 |
_aSanto Domingo : _bEditor no identificado, _c1993. |
||
| 300 |
_a84 páginas: _bilustraciones, retratos ; _c29 cm. |
||
| 336 |
_atexto _btxt _2rdacontent |
||
| 337 |
_asin mediación _bn _2rdamedia |
||
| 338 |
_avolumen _bnc _2rdacarrier |
||
| 500 | _aIncluye referencias bibliográficas y notas al pie de las páginas | ||
| 504 | _aBibliográfia : página 67 | ||
| 590 | _aInventariado, 2024/BT | ||
| 650 | _977348 | ||
| 910 | _aBtavárez | ||
| 942 |
_2ddc _cLBS1 |
||
| 999 |
_c57861 _d57861 |
||